LEADER 01301nam a2200337 a 4500 001 000000139657 003 CaOOAMICUS 005 20140909114006.0 008 140909s2013 it 001 u ita r 020 $a978-88-8333-305-7 040 $aPUL$bita 041 1 $aita$heng 082 04$a233 100 1 $aO'Callaghan, Paul.$0(OLS)http://pul/name/72243 245 10$aFigli di Dio nel mondo :$bun trattato di antropologia teologica /$cPaul O'Callaghan. 260 $aRoma :$bEDUSC,$c©2013. 300 $a737 p. ;$c24 cm 490 1 $aSussidi di teologia 504 $aBibliografia in nota. 650 14$aAntropologia teologica.$0(OLS)http://pul/subject/34471 830 0$aSussidi di teologia.$0(OLS)http://pul/title/79600 850 $aPUL 852 $aPUL$W1$xSL Religione 3$y85$m233 OCAPA 1$j161283$qDDC 21$B160752$CPULBib$Z2$F160752 $H124579 $82 941 1 $a9 960 $aUomo (teologia)$934471 960 $aUomo (teologia)$934471 996 $6020$a978-88-8333-305-7 $9(OLS)http://pul/number/155968 996 $6082$a233$9(OLS)http://pul/classification/447 996 $6245$aFigli di Dio nel mondo :$bun trattato di antropologia teologica$9(OLS)http://pul/title/176799 996 $6260$aRoma :$bEDUSC$9(OLS)http://pul/publisher/79480 LEADER 01339nam a2200253 u 4500 001 000000145269 003 CaOOAMICUS 005 20150828150640.0 008 150826s2014 it u000 u fre u 040 $aPUL$bita 100 1 $aBosokpale Langali, Joseph, O.F.M.Cap., 1976-$0(OLS)http://pul/name/93037 245 10$aFaut-il prêter de l'argent aux pauvres ? : La problématique du fondement théologique du microcrédit dans la lutte contre la pauvreté /$cJoseph Bosokpale Langali, OFM Cap. 260 $aRomae :$b[s.n.],$c2014. 300 $a166 p.$c24 cm 500 $aIn testa al front. : "Pontificia Universitas Lateranensis. Academia Alfonsiana. Institutum Superius Theologiae Moralis". 502 $aEstratto da Tesi di Dottorato in Teologia morale--Pontificia Universitas Lateranensis, Academia Alfonsiana, 2014. 504 $aBibliografia: p.[139]-162. 650 4$aPovertà$xStudi.$0(OLS)http://pul/subject/9432 850 $aPUL 852 $aPUL$W1$xDP1 Tesi Acc. Alfonsiana$y28$m2014 B 21$j162389$qTesi$B168592$CPULBib$Z2$F168592 $82 941 1 $a16 996 $6245$aFaut-il prêter de l'argent aux pauvres ? : La problématique du fondement théologique du microcrédit dans la lutte contre la pauvreté$9(OLS)http://pul/title/183708 996 $6260$aRomae :$b[s.n.]$9(OLS)http://pul/publisher/48223